|
|
|
|
| LEADER |
00000nam0a2200000 4500 |
| 001 |
125553 |
| 005 |
20231031131411.0 |
| 035 |
|
|
|a (RuTPU)RU\TPU\book\135858
|
| 090 |
|
|
|a 125553
|
| 100 |
|
|
|a 20071116d1968 km y0rusy50 ca
|
| 101 |
0 |
|
|a rus
|
| 102 |
|
|
|a RU
|
| 105 |
|
|
|a a z 001zy
|
| 200 |
1 |
|
|a Каротажные опробователи пластов
|f П. А. Бродский [и др.]
|
| 210 |
|
|
|a Москва
|c Недра
|d 1968
|
| 215 |
|
|
|a 75 с.
|c ил.
|
| 320 |
|
|
|a Библиогр.: с. 72-74.
|
| 610 |
1 |
|
|a горное дело
|
| 610 |
1 |
|
|a нефтяные пласты
|
| 610 |
1 |
|
|a опробование
|
| 610 |
1 |
|
|a газовые пласты
|
| 610 |
1 |
|
|a каротаж
|
| 610 |
1 |
|
|a каротажные опробователи
|
| 610 |
1 |
|
|a испытатели
|
| 675 |
|
|
|a 622.323.276
|v 3
|
| 701 |
|
1 |
|a Бродский
|b П. А.
|g Петр Абрамович
|
| 701 |
|
1 |
|a Тюменев
|b Л. Н.
|g Лев Николаевич
|
| 701 |
|
1 |
|a Тальнов
|b В. Б.
|g Владимир Борисович
|
| 701 |
|
1 |
|a Куповых
|b П. П.
|
| 701 |
|
1 |
|a Фионов
|b А. И.
|
| 801 |
|
1 |
|a RU
|b 63413507
|c 20071116
|g PSBO
|
| 801 |
|
2 |
|a RU
|b 63413507
|c 20121015
|g PSBO
|
| 942 |
|
|
|c BK
|